[Event "FRA-ch op-A"]
[Site "L'Alpe d'Huez"]
[Date "2023.08.20"]
[Round "2"]
[White "Zienkiewicz, Jan"]
[Black "Prodhomme, Boris"]
[Result "1-0"]
[WhiteElo "2177"]
[BlackElo "2043"]
[PlyCount "97"]
[EventDate "2023.08.19"]
[EventType "swiss"]
[EventRounds "9"]
[EventCountry "FRA"]
[SourceTitle "EXT 2024"]
[Source "ChessBase"]
[SourceDate "2023.10.10"]
[SourceVersion "1"]
[SourceVersionDate "2023.10.10"]
[SourceQuality "1"]

1. e4 c5 2. Nf3 g6 3. d4 cxd4 4. Nxd4 Bg7 5. c4 Nc6 6. Be3 Nf6 7. Nc3 d6 8. Be2 0-0 9. 0-0 Bd7 10. f3 Nxd4 11. Bxd4 a5 12. b3 Bc6 13. Qd2 Nd7 14. Be3 Be5 15. Rac1 Nc5 16. Rfd1 e6 17. Nb5 Qh4 18. g3 Bxg3 19. hxg3 Qxg3+ 20. Kf1 Nxe4 21. Qd3 Qh3+ 22. Ke1 Qh1+ 23. Bf1 Qh4+ 24. Ke2 Ng3+ 25. Kd2 Bxf3 26. Nc3 Bxd1 27. Rxd1 d5 28. cxd5 exd5 29. Bd4 Ne4+ 30. Kc2 Rac8 31. Kb1 Rfd8 32. Bg2 Nxc3+ 33. Bxc3 Qf2 34. Bh3 f5 35. Bxa5 b6 36. Bc3 Qh4 37. Bxf5 gxf5 38. Rg1+ Kf7 39. Qxf5+ Ke7 40. Rg7+ Kd6 41. Be5+ Kc5 42. Qc2+ Kb5 43. a4+ Ka6 44. Qe2+ Rc4 45. bxc4 Qxc4 46. Qxc4+ dxc4 47. Rxh7 Rg8 48. Kb2 Ka5 49. Ra7+ 1-0

[Event "FRA-chT Top 16 Gp Basse"]
[Site "Chartres"]
[Date "2022.06.18"]
[Round "3.4"]
[White "Prodhomme, Boris"]
[Black "Hirth, Julien"]
[Result "1-0"]
[WhiteElo "2046"]
[BlackElo "2072"]
[PlyCount "117"]
[EventDate "2022.06.16"]
[EventType "team-tourn"]
[EventRounds "4"]
[EventCountry "FRA"]
[SourceTitle "CBM 208 Extra"]
[Source "ChessBase"]
[SourceDate "2022.07.31"]
[SourceVersion "1"]
[SourceVersionDate "2022.07.31"]
[SourceQuality "1"]
[WhiteTeam "Echiquier de l'Erdre"]
[BlackTeam "Paris Club 608"]
[WhiteTeamCountry "FRA"]
[BlackTeamCountry "FRA"]

1. d4 d6 2. Nf3 Nf6 3. c4 g6 4. Nc3 Bg7 5. e4 0-0 6. h3 e5 7. d5 a5 8. Bg5 Na6 9. a3 Bd7 10. Nd2 h6 11. Be3 Nc5 12. b4 axb4 13. axb4 Rxa1 14. Qxa1 Na6 15. c5 Nh5 16. c6 Nxb4 17. Qb1 Nxc6 18. dxc6 Bxc6 19. Be2 Nf4 20. Bf3 f5 21. g3 Ne6 22. Qb3 Qf6 23. exf5 gxf5 24. Bd5 Bxd5 25. Qxd5 c6 26. Qxd6 Rd8 27. Qb4 e4 28. Ncb1 f4 29. gxf4 Nxf4 30. Bxf4 Qxf4 31. Qe7 Rf8 32. Rf1 Rf7 33. Qe8+ Rf8 34. Qxe4 Qf7 35. Qc4 Re8+ 36. Kd1 Re6 37. f4 b5 38. Qb3 Qh5+ 39. Rf3 Qf5 40. Re3 Kf7 41. Rxe6 Qxe6 42. Qd3 Qf6 43. Qd7+ Kg6 44. Qe8+ Kh7 45. Qe4+ Kg8 46. Nf3 c5 47. Ne5 Qd6+ 48. Ke2 c4 49. Nd2 c3 50. Ndf3 b4 51. Qc4+ Kh7 52. Qd3+ Qxd3+ 53. Kxd3 Bxe5 54. fxe5 Kg6 55. Nd4 Kf7 56. Ke4 c2 57. Nxc2 b3 58. Na3 Ke6 59. Nb1 1-0

[Event "Sunway Formentera op 1st"]
[Site "Sant Ferran de ses Roques"]
[Date "2022.05.08"]
[Round "10"]
[White "Prodhomme, Boris"]
[Black "Bernard, Jacques"]
[Result "1/2-1/2"]
[WhiteElo "2045"]
[BlackElo "2122"]
[PlyCount "91"]
[EventDate "2022.04.29"]
[EventType "swiss"]
[EventRounds "10"]
[EventCountry "ESP"]
[SourceTitle "EXT 2023"]
[Source "ChessBase"]
[SourceDate "2022.10.05"]
[SourceVersion "1"]
[SourceVersionDate "2022.10.05"]
[SourceQuality "1"]

1. d4 Nf6 2. c4 e6 3. Nc3 d5 4. cxd5 exd5 5. Bg5 c6 6. Qc2 Be7 7. e3 0-0 8. Bd3 Nbd7 9. Nge2 Re8 10. 0-0 Nf8 11. f3 Nh5 12. Bxe7 Qxe7 13. e4 Be6 14. e5 g6 15. g4 Ng7 16. Ng3 Rac8 17. Qf2 Nd7 18. h3 Rf8 19. f4 f5 20. g5 a6 21. Rad1 Rfd8 22. Be2 Qb4 23. Bf3 Nb6 24. a3 Qb3 25. Rb1 Nc4 26. Bd1 Qb6 27. Na4 Qc7 28. Ra1 a5 29. b3 Nb6 30. Nc5 Nd7 31. Rc1 b6 32. Na4 Qa7 33. Bf3 Rc7 34. Rc2 Rdc8 35. Rfc1 Bf7 36. Ne2 Ne6 37. Kh2 Qb7 38. Qg2 Qa7 39. Qf2 Qb7 40. Qg2 Qa7 41. Qg1 Qa6 42. Qe3 Qa7 43. h4 Qb7 44. Nac3 Qa6 45. Nd1 c5 46. Ndc3 1/2-1/2

[Event "Sunway Formentera op 1st"]
[Site "Sant Ferran de ses Roques"]
[Date "2022.05.02"]
[Round "4"]
[White "Narciso Dublan, Marc"]
[Black "Prodhomme, Boris"]
[Result "1-0"]
[WhiteElo "2477"]
[BlackElo "2045"]
[PlyCount "53"]
[EventDate "2022.04.29"]
[EventType "swiss"]
[EventRounds "10"]
[EventCountry "ESP"]
[SourceTitle "EXT 2023"]
[Source "ChessBase"]
[SourceDate "2022.10.05"]
[SourceVersion "1"]
[SourceVersionDate "2022.10.05"]
[SourceQuality "1"]

1. d4 Nf6 2. Bg5 c5 3. Bxf6 gxf6 4. d5 Qb6 5. Qc1 f5 6. c4 Bg7 7. Nc3 d6 8. e3 e5 9. Bd3 e4 10. Be2 Qb4 11. Nh3 Nd7 12. 0-0 Bxc3 13. bxc3 Qa4 14. Qb2 Ne5 15. Qb3 Qd7 16. f3 Rg8 17. Nf4 Qe7 18. Rf2 Ng6 19. fxe4 fxe4 20. Raf1 f5 21. Ne6 Bxe6 22. dxe6 0-0-0 23. Rxf5 Nh4 24. Rf7 Rxg2+ 25. Kh1 Rxh2+ 26. Kxh2 Nf3+ 27. R1xf3 1-0

[Event "Sunway Formentera op 1st"]
[Site "Sant Ferran de ses Roques"]
[Date "2022.04.30"]
[Round "2"]
[White "Eugene, Floryan"]
[Black "Prodhomme, Boris"]
[Result "1-0"]
[WhiteElo "2375"]
[BlackElo "2045"]
[PlyCount "71"]
[EventDate "2022.04.29"]
[EventType "swiss"]
[EventRounds "10"]
[EventCountry "ESP"]
[SourceTitle "CBM 208 Extra"]
[Source "ChessBase"]
[SourceDate "2022.07.31"]
[SourceVersion "1"]
[SourceVersionDate "2022.07.31"]
[SourceQuality "1"]

1. c4 g6 2. g3 Bg7 3. Bg2 d6 4. Nf3 f5 5. d4 Nf6 6. Nc3 0-0 7. 0-0 Nc6 8. d5 Ne5 9. Nxe5 dxe5 10. e4 f4 11. gxf4 exf4 12. e5 Ng4 13. e6 Ne5 14. Re1 Nxc4 15. Re4 Nd6 16. Rxf4 Nf5 17. Re4 c6 18. Bg5 h6 19. Bf4 Bxc3 20. bxc3 cxd5 21. Re5 g5 22. Qg4 Ng7 23. Bg3 Rf6 24. Rae1 a5 25. h4 h5 26. Qxg5 Ra6 27. Rxd5 Qf8 28. Red1 Rf5 29. Rxf5 Qxf5 30. Rd8+ Kh7 31. Qxf5+ Nxf5 32. Rxc8 Rxe6 33. Bh3 Re1+ 34. Kg2 Nxg3 35. Kxg3 Re2 36. a4 1-0

[Event "FRA-chT Top 12"]
[Site "Chalons en Champagne"]
[Date "2021.07.03"]
[Round "10.1"]
[White "Prodhomme, Boris"]
[Black "Lemonnier, Remi"]
[Result "1-0"]
[WhiteElo "2031"]
[BlackElo "2125"]
[PlyCount "99"]
[EventDate "2021.06.24"]
[EventType "team-tourn"]
[EventRounds "11"]
[EventCountry "FRA"]
[SourceTitle "CBM 203 Extra"]
[Source "ChessBase"]
[SourceDate "2021.09.30"]
[SourceVersion "1"]
[SourceVersionDate "2021.09.30"]
[SourceQuality "1"]
[WhiteTeam "Echiquier de l'Erdre"]
[BlackTeam "Paris Club 608"]
[WhiteTeamCountry "FRA"]
[BlackTeamCountry "FRA"]

1. d4 f5 2. Nc3 Nf6 3. Bf4 e6 4. g4 Bb4 5. gxf5 exf5 6. Qd3 d5 7. 0-0-0 Bxc3 8. Qxc3 Ne4 9. Qe1 Qh4 10. Nh3 Qe7 11. f3 Nd6 12. Qg3 Nc6 13. Rg1 g6 14. Be5 Nxe5 15. Qxe5 Qxe5 16. dxe5 Nc4 17. Rxd5 Be6 18. Rd3 Ke7 19. f4 Rad8 20. Ng5 Rxd3 21. exd3 Ne3 22. Kd2 Nd5 23. Nh3 c6 24. c4 Nb4 25. a3 Na6 26. Ng5 Rd8 27. Nxh7 Rh8 28. Ng5 Rxh2+ 29. Rg2 Rh6 30. d4 Nc7 31. Nf3 Kf7 32. Rh2 Rxh2+ 33. Nxh2 g5 34. fxg5 Kg6 35. Nf3 f4 36. Bd3+ Kh5 37. g6 Kg4 38. Be2 Kg3 39. Ng5 Bg8 40. Ne4+ Kg2 41. Nf6 Be6 42. g7 f3 43. g8Q+ Bxg8 44. Nxg8 Ne6 45. Bxf3+ Kxf3 46. d5 cxd5 47. cxd5 Ng5 48. Nf6 Kf4 49. e6 Nf3+ 50. Kc1 1-0

[Event "FRA-chT Top 12"]
[Site "Chalons en Champagne"]
[Date "2021.06.30"]
[Round "7.1"]
[White "Thomas, Anysia"]
[Black "Prodhomme, Boris"]
[Result "1-0"]
[WhiteElo "2175"]
[BlackElo "2031"]
[PlyCount "91"]
[EventDate "2021.06.24"]
[EventType "team-tourn"]
[EventRounds "11"]
[EventCountry "FRA"]
[SourceTitle "CBM 203 Extra"]
[Source "ChessBase"]
[SourceDate "2021.09.30"]
[SourceVersion "1"]
[SourceVersionDate "2021.09.30"]
[SourceQuality "1"]
[WhiteTeam "Vandoeuvre"]
[BlackTeam "Echiquier de l'Erdre"]
[WhiteTeamCountry "FRA"]
[BlackTeamCountry "FRA"]

1. d4 d5 2. c4 c6 3. Nf3 Nf6 4. e3 Bf5 5. Nc3 a6 6. Qb3 Ra7 7. c5 Nbd7 8. Na4 e5 9. dxe5 Ne4 10. Be2 Qa5+ 11. Bd2 Nxd2 12. Nxd2 Bxc5 13. Nxc5 Nxc5 14. Qd1 Nd3+ 15. Bxd3 Bxd3 16. Qg4 Bg6 17. 0-0 0-0 18. Nb3 Qc7 19. Qd4 b6 20. Rac1 Qb7 21. Rfd1 Rd8 22. Qh4 Qd7 23. Rxc6 f6 24. Rd6 Qe7 25. Rxd8+ Qxd8 26. exf6 gxf6 27. Nd4 Rd7 28. h3 Rd6 29. Qg3 Kf7 30. Rc1 Qd7 31. Qf4 Bd3 32. Nf3 Kg7 33. Qg3+ Bg6 34. a3 Rc6 35. Rxc6 Qxc6 36. Kh2 Qc2 37. b4 b5 38. Nd4 Qc3 39. h4 h5 40. Ne6+ Kh6 41. Qf4+ Kh7 42. Qc7+ Qxc7+ 43. Nxc7 Kg7 44. Nxa6 Be8 45. Nc7 Bc6 46. Ne6+ 1-0

[Event "FRA-chT Top 12"]
[Site "Chalons en Champagne"]
[Date "2021.06.29"]
[Round "6.6"]
[White "Prodhomme, Boris"]
[Black "Bournel, Antoine"]
[Result "0-1"]
[WhiteElo "2031"]
[BlackElo "2293"]
[PlyCount "62"]
[EventDate "2021.06.24"]
[EventType "team-tourn"]
[EventRounds "11"]
[EventCountry "FRA"]
[SourceTitle "CBM 203 Extra"]
[Source "ChessBase"]
[SourceDate "2021.09.30"]
[SourceVersion "1"]
[SourceVersionDate "2021.09.30"]
[SourceQuality "1"]
[WhiteTeam "Echiquier de l'Erdre"]
[BlackTeam "Chalons en Champagne"]
[WhiteTeamCountry "FRA"]
[BlackTeamCountry "FRA"]

1. d4 Nf6 2. Nf3 d5 3. c4 e6 4. Nc3 Bb4 5. Bg5 dxc4 6. e4 b5 7. Qc2 h6 8. Be3 Bb7 9. e5 Nd5 10. Be2 Nd7 11. 0-0 a6 12. Nxd5 Bxd5 13. Nd2 c5 14. Ne4 cxd4 15. Bxd4 Qc7 16. f4 0-0 17. Rad1 Rad8 18. Bf3 Bc5 19. Nxc5 Nxc5 20. b4 Na4 21. Qf2 a5 22. Bxd5 Rxd5 23. f5 exf5 24. bxa5 Qxa5 25. Qxf5 Qd8 26. Qe4 Nc3 27. Bxc3 Rxd1 28. Be1 Qd3 29. Qf4 Qd4+ 30. Qxd4 Rxd4 31. Bb4 Rc8 0-1

[Event "Pornic op"]
[Site "Pornic"]
[Date "2009.08.??"]
[Round "4"]
[White "Barbot, Pierre"]
[Black "Prodhomme, Boris"]
[Result "1-0"]
[WhiteElo "2069"]
[BlackElo "2183"]
[PlyCount "107"]
[EventDate "2009.08.??"]
[EventType "swiss"]
[EventRounds "6"]
[EventCountry "FRA"]
[SourceTitle "EXT 2010"]
[Source "ChessBase"]
[SourceDate "2010.11.25"]
[SourceVersion "1"]
[SourceVersionDate "2010.11.25"]
[SourceQuality "1"]

1. e4 c5 2. Nf3 d6 3. d4 cxd4 4. Nxd4 Nf6 5. Nc3 a6 6. Be3 e6 7. g4 e5 8. Nf5 Nc6 9. Bg2 h5 10. g5 Ng4 11. Bc1 g6 12. Ne3 Qxg5 13. Ned5 Qh4 14. Rf1 Nxh2 15. Nc7+ Kd8 16. Nxa8 Bg4 17. Qd2 Nd4 18. Qg5+ Be7 19. Qxh4 Bxh4 20. Be3 Nxf1 21. Kxf1 Nxc2 22. Bb6+ Kd7 23. Rc1 Nb4 24. Nc7 Bg5 25. Rb1 Kc6 26. N3d5 Nxa2 27. Ba5 Be6 28. Ra1 Nc1 29. Ra3 b6 30. Bxb6 Bxd5 31. Nxd5 Rb8 32. Rxa6 Kb5 33. Bc7 Kxa6 34. Bxb8 Nb3 35. Bxd6 Nd2+ 36. Ke2 Nc4 37. Bc7 Nxb2 38. Bxe5 Nc4 39. Bd4 Kb5 40. f4 Bh6 41. Kd3 Nd6 42. Be5 Nb7 43. Kd4 Nd8 44. Bf1+ Kc6 45. Bh3 g5 46. Ne7+ Kb7 47. Bc8+ Kb6 48. Nd5+ Kc6 49. Bf6 Ne6+ 50. Bxe6 fxe6 51. fxg5 Bf8 52. Nf4 Bc5+ 53. Kd3 h4 54. g6 1-0

[Event "Pornic op"]
[Site "Pornic"]
[Date "2009.08.??"]
[Round "6"]
[White "Masset, Jacques"]
[Black "Prodhomme, Boris"]
[Result "0-1"]
[WhiteElo "1946"]
[BlackElo "2183"]
[PlyCount "54"]
[EventDate "2009.08.??"]
[EventType "swiss"]
[EventRounds "6"]
[EventCountry "FRA"]
[SourceTitle "EXT 2010"]
[Source "ChessBase"]
[SourceDate "2010.11.25"]
[SourceVersion "1"]
[SourceVersionDate "2010.11.25"]
[SourceQuality "1"]

1. c4 c6 2. d4 d5 3. Nc3 Nf6 4. Nf3 a6 5. c5 Nbd7 6. g3 g6 7. Bg2 Bg7 8. 0-0 0-0 9. b4 Re8 10. Bb2 e5 11. dxe5 Ng4 12. e4 Ndxe5 13. exd5 Nc4 14. Qb3 Nxb2 15. Qxb2 cxd5 16. Rad1 d4 17. Na4 d3 18. Qd2 Bf5 19. h3 Re2 20. Qxe2 dxe2 21. Rxd8+ Rxd8 22. Re1 Rd1 23. hxg4 Bxg4 24. Kh2 Bxf3 25. Rxe2 Bxe2 26. Bxb7 Bc4 27. c6 Bd5 0-1

[Event "FRA-ch op-A"]
[Site "Pau"]
[Date "2008.08.20"]
[Round "8"]
[White "Prodhomme, Boris"]
[Black "Koch, Alain1111"]
[Result "1-0"]
[WhiteElo "2151"]
[BlackElo "2090"]
[PlyCount "95"]
[EventDate "2008.08.11"]
[EventType "swiss"]
[EventRounds "9"]
[EventCountry "FRA"]
[SourceTitle "CBM 126 Extra"]
[Source "ChessBase"]
[SourceDate "2008.11.05"]
[SourceVersion "1"]
[SourceVersionDate "2008.11.05"]
[SourceQuality "1"]

1. d4 d5 2. c4 e6 3. Nc3 Nf6 4. cxd5 exd5 5. Bg5 Be7 6. Qc2 Nc6 7. e3 h6 8. Bh4 a6 9. a3 0-0 10. Bd3 Be6 11. b4 Nb8 12. Nge2 Nh5 13. Bxe7 Qxe7 14. Na4 b6 15. Rc1 Ra7 16. Qb3 Qd6 17. 0-0 f5 18. Ng3 Nxg3 19. hxg3 Nd7 20. Rc3 b5 21. Nc5 Nb6 22. a4 Nc4 23. Ra1 c6 24. Rc2 Bc8 25. axb5 cxb5 26. Rca2 Rf6 27. Qd1 g6 28. Qf3 Kg7 29. Bxc4 dxc4 30. Ra5 Qb6 31. Qf4 g5 32. Qe5 Kf7 33. d5 Qd6 34. Qd4 Qb6 35. Rd1 Kg6 36. d6 Rff7 37. Qe5 Qc6 38. d7 Raxd7 39. Rxd7 Rxd7 40. Nxd7 Qxd7 41. Ra1 Bb7 42. Kf1 Qd3+ 43. Ke1 Qb3 44. Rd1 Qxb4+ 45. Kf1 Kh5 46. g4+ Kxg4 47. Qh2 Bxg2+ 48. Kxg2 1-0

[Event "FRA-ch op-A"]
[Site "Pau"]
[Date "2008.08.17"]
[Round "6"]
[White "Prodhomme, Boris"]
[Black "Gretry, Patrice"]
[Result "1-0"]
[WhiteElo "2151"]
[BlackElo "2029"]
[PlyCount "49"]
[EventDate "2008.08.11"]
[EventType "swiss"]
[EventRounds "9"]
[EventCountry "FRA"]
[SourceTitle "CBM 126 Extra"]
[Source "ChessBase"]
[SourceDate "2008.11.05"]
[SourceVersion "1"]
[SourceVersionDate "2008.11.05"]
[SourceQuality "1"]

1. d4 d5 2. c4 c6 3. Nf3 Nf6 4. Nc3 dxc4 5. e4 b5 6. e5 Nd5 7. a4 e6 8. axb5 Nxc3 9. bxc3 cxb5 10. Ng5 Bb7 11. Qh5 g6 12. Qg4 Be7 13. Be2 Nd7 14. Bf3 Bxf3 15. Qxf3 0-0 16. h4 Nb6 17. Qh3 Kg7 18. Ra6 Qd5 19. h5 Rh8 20. Qg4 h6 21. Nxf7 Kxf7 22. Qxg6+ Kf8 23. Rh3 Bg5 24. Ba3+ Be7 25. Qf6+ 1-0

[Event "FRA-ch op-A"]
[Site "Pau"]
[Date "2008.08.13"]
[Round "2"]
[White "Prodhomme, Boris"]
[Black "Fevre, Mathieu"]
[Result "0-1"]
[WhiteElo "2151"]
[BlackElo "2032"]
[PlyCount "92"]
[EventDate "2008.08.11"]
[EventType "swiss"]
[EventRounds "9"]
[EventCountry "FRA"]
[SourceTitle "CBM 126 Extra"]
[Source "ChessBase"]
[SourceDate "2008.11.05"]
[SourceVersion "1"]
[SourceVersionDate "2008.11.05"]
[SourceQuality "1"]

1. d4 Nf6 2. c4 g6 3. Nc3 Bg7 4. Nf3 0-0 5. g3 d6 6. Bg2 c6 7. e4 Nbd7 8. 0-0 e5 9. Re1 Qc7 10. h3 Re8 11. Be3 exd4 12. Nxd4 a5 13. Qc2 Nc5 14. b3 Nfd7 15. Rad1 Nf8 16. f4 Nfe6 17. Qf2 f5 18. Nxe6 Nxe6 19. Na4 fxe4 20. Nb6 Rb8 21. Nxc8 Rbxc8 22. Bxe4 Bc3 23. Re2 Ng7 24. Bd4 Bb4 25. Kg2 Re7 26. Bf3 Rce8 27. Bb6 Rxe2 28. Bxc7 Rxf2+ 29. Kxf2 Bc5+ 30. Kg2 Nf5 31. Rc1 b6 32. Bxc6 Re2+ 33. Kf3 Nd4+ 34. Kg4 Nxc6 35. Rd1 Re6 36. f5 gxf5+ 37. Kxf5 Kf7 38. g4 Ke7 39. Kg5 Kd7 40. Rf1 Kxc7 41. Rf7+ Re7 42. Rxe7+ Nxe7 43. Kh6 Kd7 44. Kxh7 Ke6 45. h4 Bf2 46. h5 Kf6 0-1

[Event "Pornic op"]
[Site "Pornic"]
[Date "2008.08.??"]
[Round "2"]
[White "Prodhomme, Boris"]
[Black "Poulain, Yves"]
[Result "1-0"]
[WhiteElo "2151"]
[BlackElo "1879"]
[PlyCount "57"]
[EventDate "2008.08.??"]
[EventType "swiss"]
[EventRounds "6"]
[EventCountry "FRA"]
[SourceTitle "EXT 2009"]
[Source "ChessBase"]
[SourceDate "2008.11.26"]
[SourceVersion "1"]
[SourceVersionDate "2008.11.26"]
[SourceQuality "1"]

1. d4 Nf6 2. c4 c5 3. d5 b5 4. cxb5 a6 5. Nc3 axb5 6. e4 d6 7. Bxb5+ Bd7 8. Bc4 g6 9. Nf3 Bg7 10. 0-0 0-0 11. Qe2 Qb6 12. e5 Ng4 13. e6 fxe6 14. dxe6 Bc6 15. Nd5 Qb7 16. Rd1 Na6 17. h3 Nf6 18. Bxa6 Rxa6 19. Nxe7+ Qxe7 20. Qxa6 Bxf3 21. gxf3 Ne8 22. Qe2 Be5 23. f4 Bxf4 24. Bxf4 Rxf4 25. Rd3 Qg5+ 26. Rg3 Qf5 27. Re1 Nf6 28. e7 Kf7 29. e8Q+ 1-0

[Event "Avoine op 22nd"]
[Site "Avoine"]
[Date "2007.07.26"]
[Round "6"]
[White "Prodhomme, Boris"]
[Black "Algaba, Solene"]
[Result "1-0"]
[WhiteElo "2071"]
[BlackElo "1979"]
[PlyCount "35"]
[EventDate "2007.07.21"]
[EventType "swiss"]
[EventRounds "9"]
[EventCountry "FRA"]
[SourceTitle "EXT 2010"]
[Source "ChessBase"]
[SourceDate "2010.11.25"]
[SourceVersion "1"]
[SourceVersionDate "2010.11.25"]
[SourceQuality "1"]

1. d4 d5 2. c4 c6 3. Nf3 Nf6 4. Nc3 dxc4 5. e4 b5 6. e5 Nd5 7. a4 Nxc3 8. bxc3 e6 9. Ng5 h6 10. Qh5 g6 11. Qh3 Be7 12. Ne4 Nd7 13. Ba3 Bxa3 14. Rxa3 Kf8 15. Nd6 Qb6 16. axb5 Rb8 17. Qf3 Rh7 18. Qxc6 1-0

[Event "FRA-chT4 0506"]
[Site "France"]
[Date "2006.??.??"]
[Round "8"]
[White "Boziau, Marcel"]
[Black "Prodhomme, Boris"]
[Result "0-1"]
[WhiteElo "1887"]
[BlackElo "2043"]
[PlyCount "60"]
[EventDate "2005.10.02"]
[EventType "team"]
[EventRounds "9"]
[EventCountry "FRA"]
[SourceTitle "EXT 2007"]
[Source "ChessBase"]
[SourceDate "2006.11.23"]
[SourceVersion "1"]
[SourceVersionDate "2006.11.23"]
[SourceQuality "1"]

1. e4 c5 2. Nf3 d6 3. d4 cxd4 4. Nxd4 Nf6 5. Nc3 a6 6. Be3 e6 7. Qd2 b5 8. f3 Nbd7 9. g4 h6 10. h4 b4 11. Na4 d5 12. g5 hxg5 13. Bxg5 dxe4 14. Bg2 Bb7 15. fxe4 Qa5 16. b3 Nc5 17. 0-0-0 Nfxe4 18. Bxe4 Nxe4 19. Qe3 Nxg5 20. Rhf1 Be7 21. Qf2 0-0-0 22. hxg5 Bxg5+ 23. Kb1 Bf6 24. Nf3 Qf5 25. Qa7 Qxf3 26. Nb6+ Kc7 27. Na8+ Rxa8 28. Qc5+ Qc6 29. Qa5+ Kb8 30. Qxb4 Rc8 0-1

[Event "Rohde op 05th"]
[Site "Sautron"]
[Date "2005.10.30"]
[Round "9"]
[White "Prodhomme, Boris"]
[Black "Gerard, Nicolas"]
[Result "0-1"]
[WhiteElo "2048"]
[BlackElo "2286"]
[PlyCount "75"]
[EventDate "2005.10.22"]
[EventType "swiss"]
[EventRounds "9"]
[EventCountry "FRA"]
[SourceTitle "EXT 2006"]
[Source "ChessBase"]
[SourceDate "2005.11.24"]
[SourceVersion "1"]
[SourceVersionDate "2005.11.24"]
[SourceQuality "1"]

1. d4 d5 2. c4 dxc4 3. Nf3 a6 4. e3 Nf6 5. a4 e6 6. Bxc4 c5 7. 0-0 Qc7 8. Qe2 Nc6 9. Rd1 Bd6 10. Nc3 0-0 11. dxc5 Bxc5 12. e4 Ng4 13. Be3 Nxe3 14. fxe3 b6 15. Rac1 Bb7 16. Nd4 Qe5 17. Nf3 Qf4 18. Re1 Ne5 19. Kh1 Qf6 20. Ba2 Ng4 21. Bb1 Bxe3 22. Rc2 Bc5 23. e5 Qf4 24. Nd1 Rad8 25. Rc4 Qxc4 26. Qxc4 Rxd1 27. Qxg4 Bxf3 28. Qh4 Rxe1+ 29. Qxe1 Bc6 30. Qh4 g6 31. Qf6 Re8 32. h4 Be7 33. Qf4 Rd8 34. Bc2 Bc5 35. h5 Rd4 36. Qf6 Rd2 37. h6 Bf8 38. Bb3 0-1

[Event "Rohde op 05th"]
[Site "Sautron"]
[Date "2005.10.22"]
[Round "1"]
[White "Payen, Arnaud"]
[Black "Prodhomme, Boris"]
[Result "1/2-1/2"]
[WhiteElo "2408"]
[BlackElo "2048"]
[PlyCount "79"]
[EventDate "2005.10.22"]
[EventType "swiss"]
[EventRounds "9"]
[EventCountry "FRA"]
[SourceTitle "EXT 2006"]
[Source "ChessBase"]
[SourceDate "2005.11.24"]
[SourceVersion "1"]
[SourceVersionDate "2005.11.24"]
[SourceQuality "1"]

1. d4 d5 2. c4 c6 3. Nf3 Nf6 4. Qb3 e6 5. Bg5 Nbd7 6. Nc3 Be7 7. e3 0-0 8. Bd3 Re8 9. 0-0 h6 10. Bh4 b6 11. cxd5 exd5 12. Rfd1 Bb7 13. Rac1 Qb8 14. Bf5 g6 15. Bb1 Bd6 16. Bg3 Bxg3 17. hxg3 Ne4 18. a3 Ndf6 19. Nxe4 Nxe4 20. Ne5 Re6 21. g4 Qd8 22. g3 Qd6 23. Kg2 Kg7 24. f4 Re7 25. Bxe4 dxe4 26. Qc3 Qd5 27. b4 Rc8 28. Qc4 f6 29. Qxd5 cxd5 30. Rxc8 Bxc8 31. Nc6 Rc7 32. Rc1 Bxg4 33. b5 Be2 34. a4 Bc4 35. Nb4 Rd7 36. g4 g5 37. Kg3 Rf7 38. f5 Re7 39. Rc3 Kf7 40. Kf2 1/2-1/2

[Event "FRA-ch Accession"]
[Site "Chartres"]
[Date "2005.08.19"]
[Round "4"]
[White "Prodhomme, Boris"]
[Black "Van Elst, Andreas"]
[Result "1/2-1/2"]
[WhiteElo "2025"]
[BlackElo "2263"]
[PlyCount "83"]
[EventDate "2005.08.15"]
[EventType "swiss"]
[EventRounds "10"]
[EventCountry "FRA"]
[SourceTitle "EXT 2006"]
[Source "ChessBase"]
[SourceDate "2005.11.24"]
[SourceVersion "1"]
[SourceVersionDate "2005.11.24"]
[SourceQuality "1"]

1. d4 Nf6 2. c4 g6 3. Nc3 Bg7 4. e4 d6 5. h3 0-0 6. Be3 Nbd7 7. Qc2 c6 8. Nge2 a6 9. a4 e5 10. d5 cxd5 11. cxd5 Qa5 12. g4 Nc5 13. Ng3 b5 14. b4 Qxb4 15. Rb1 Qa5 16. axb5 Nfxe4 17. Ngxe4 Nxe4 18. Qxe4 Qxc3+ 19. Bd2 Qa3 20. b6 f5 21. Qg2 Bb7 22. gxf5 Qa2 23. Rc1 Rac8 24. Rxc8 Rxc8 25. fxg6 Bxd5 26. gxh7+ Kh8 27. Qg4 Qb1+ 28. Ke2 Rf8 29. Bg2 Qb5+ 30. Ke1 Bxg2 31. Qxg2 Qxb6 32. Rg1 Qb1+ 33. Ke2 Qxh7 34. Qg6 Qxg6 35. Rxg6 Rf6 36. Rg3 d5 37. h4 Kg8 38. Bg5 Rc6 39. h5 Kh7 40. Rb3 e4 41. Rb7 Kg8 42. Rb8+ 1/2-1/2

[Event "Avoine op 20th"]
[Site "Avoine"]
[Date "2005.07.23"]
[Round "1"]
[White "Rihouay, Clement"]
[Black "Prodhomme, Boris"]
[Result "1-0"]
[WhiteElo "2158"]
[BlackElo "2025"]
[PlyCount "135"]
[EventDate "2005.07.23"]
[EventType "swiss"]
[EventRounds "9"]
[EventCountry "FRA"]
[SourceTitle "EXT 2007"]
[Source "ChessBase"]
[SourceDate "2006.11.23"]
[SourceVersion "1"]
[SourceVersionDate "2006.11.23"]
[SourceQuality "1"]

1. e4 c5 2. Nf3 d6 3. Bb5+ Nc6 4. 0-0 Bd7 5. c3 Nf6 6. Re1 a6 7. Bf1 Bg4 8. h3 Bxf3 9. Qxf3 g6 10. a4 Bg7 11. Na3 0-0 12. Nc2 Nd7 13. Rb1 Qa5 14. b3 b5 15. axb5 axb5 16. b4 Qa4 17. bxc5 Qxc2 18. Rb2 Qa4 19. Bxb5 Qa5 20. cxd6 exd6 21. Qg3 Qc7 22. d4 Ra1 23. Bd2 Rxe1+ 24. Bxe1 Rb8 25. Rb1 Na7 26. Bd3 Rxb1 27. Bxb1 Nb6 28. Qd3 Qc4 29. Qxc4 Nxc4 30. Kf1 Nb6 31. Ke2 Kf8 32. Kd3 Nc6 33. f3 Ke7 34. Ba2 f5 35. g4 fxe4+ 36. fxe4 Nd8 37. Bd2 Ne6 38. g5 Kd7 39. Bb3 Nc8 40. Kc4 Ne7 41. Be3 Bf8 42. h4 Nc7 43. Kd3 d5 44. Bf2 dxe4+ 45. Kxe4 Bg7 46. c4 h6 47. d5 Nf5 48. c5 Na6 49. Bc4 Nc7 50. Be2 hxg5 51. hxg5 Bf8 52. Bg4 Be7 53. Be3 Kd8 54. Bxf5 gxf5+ 55. Kd4 Ke8 56. Bf4 Nb5+ 57. Kc4 Na3+ 58. Kb4 Nc2+ 59. Kc3 Ne1 60. d6 Ng2 61. Bd2 Bf8 62. Kd4 f4 63. Ke5 f3 64. Ke6 Bxd6 65. cxd6 Nf4+ 66. Bxf4 f2 67. d7+ Kd8 68. Be3 1-0